[Event "Titled Tuesday intern op 16th Apr Early"]
[Site "Chess.com INT"]
[Date "2024.04.16"]
[Round "11"]
[White "Tulchynskyi, Feliks"]
[Black "Haug, Havard"]
[Result "1/2-1/2"]
[WhiteElo "2233"]
[BlackElo "2334"]
[PlyCount "275"]
[EventDate "2024.04.16"]
[EventType "swiss (blitz)"]
[EventRounds "11"]
[EventCountry "USA"]
[SourceTitle "CB17_2024"]
[SourceDate "2024.04.24"]
[SourceVersion "1"]
[SourceVersionDate "2024.04.24"]
[SourceQuality "1"]

1. d4 d5 2. c4 e6 3. Nc3 Nf6 4. Bg5 dxc4 5. e3 Be7 6. Bxc4 a6 7. a4 b6 8. Nf3 Bb7 9. 0-0 0-0 10. Qe2 Ne4 11. Bxe7 Qxe7 12. Nxe4 Bxe4 13. Rac1 Nd7 14. Nd2 Bb7 15. Nb3 Rfc8 16. Rfd1 c5 17. d5 exd5 18. Bxd5 Bxd5 19. Rxd5 Nf6 20. Rdd1 h6 21. h3 Qe6 22. Nd2 Rab8 23. Qxa6 Nd5 24. Qc4 Nc7 25. Qxe6 Nxe6 26. Nc4 Rc7 27. Na3 Re7 28. Rd6 g6 29. Rcd1 Rbb7 30. Nb5 Kg7 31. Rc6 Nc7 32. Rdd6 Nxb5 33. axb5 Ra7 34. Rxb6 Ra1+ 35. Kh2 Ra2 36. Rd2 Ra5 37. Rc2 Re4 38. Rxc5 Rb4 39. Rc2 Ra1 40. Rb7 Ra8 41. b6 Ra5 42. g4 h5 43. Kg3 hxg4 44. hxg4 Ra8 45. f3 Rb3 46. e4 g5 47. Rc5 Kg6 48. Rc6+ Kg7 49. Rd7 Rxb2 50. Rcc7 Raa2 51. Rxf7+ Kg6 52. Rg7+ Kh6 53. Rh7+ Kg6 54. Rcg7+ Kf6 55. e5+ Ke6 56. Rh6+ Kd5 57. Rxg5 Rg2+ 58. Kf4 Ra4+ 59. Kf5 Rf2 60. Rh3 Rb2 61. Rg6 Rbb4 62. Rd6+ Kc5 63. Ke6 Rf4 64. g5 Ra8 65. b7 Re8+ 66. Kd7 Rg8 67. Re6 Rb4 68. Rc6+ Kd5 69. Rd6+ Kxe5 70. f4+ Kf5 71. Kc6 Rb1 72. Rd5+ Kxf4 73. Rb5 Rc1+ 74. Rc5 Rb1 75. Rh4+ Kg3 76. Rhc4 Rg6+ 77. Kc7 Rg7+ 78. Kd6 Rgxb7 79. Ke6 R1b6+ 80. Kf5 Rf7+ 81. Ke5 Re7+ 82. Kd4 Rg7 83. Re5 Kg4 84. Kd5+ Kh5 85. g6+ Kxg6 86. Rg4+ Kf7 87. Re7+ Kxe7 88. Rxg7+ Kf6 89. Rc7 Rb5+ 90. Rc5 Rb1 91. Rc6+ Ke7 92. Rc8 Rd1+ 93. Ke4 Ra1 94. Kf3 Kd7 95. Rh8 Ke6 96. Rh2 Kf5 97. Rh5+ Kg6 98. Rc5 Ra3+ 99. Ke4 Kf6 100. Kd4 Ra4+ 101. Kc3 Ra1 102. Kb3 Ke6 103. Rh5 Rb1+ 104. Kc2 Rg1 105. Kd3 Kf6 106. Rb5 Kg6 107. Kc4 Rg4+ 108. Kd3 Kf6 109. Kc3 Ke6 110. Ra5 Rg3+ 111. Kb4 Kd7 112. Kc4 Kc8 113. Rh5 Kb7 114. Kd5 Ra3 115. Kc4 Ka8 116. Kb4 Rf3 117. Rh8+ Kb7 118. Kc5 Rf5+ 119. Kd6 Rf1 120. Rh7+ Kb6 121. Rh5 Rd1+ 122. Rd5 Rh1 123. Rd2 Rh8 124. Rb2+ Ka5 125. Kc5 Ka4 126. Rb7 Rc8+ 127. Kb6 Kb4 128. Rh7 Kc4 129. Rh1 Kd5 130. Rd1+ Ke4 131. Re1+ Kd3 132. Rd1+ Ke2 133. Rd7 Rb8+ 134. Kc6 Rh8 135. Kd6 Ke3 136. Re7+ Kd4 137. Rg7 Rh6+ 138. Kc7 1/2-1/2

[Event "Titled Tuesday intern op 02nd Apr Early"]
[Site "Chess.com INT"]
[Date "2024.04.02"]
[Round "9"]
[White "Tulchynskyi, Feliks"]
[Black "Wu, Derek"]
[Result "1-0"]
[WhiteElo "2233"]
[BlackElo "2295"]
[PlyCount "137"]
[EventDate "2024.04.02"]
[EventType "swiss (blitz)"]
[EventRounds "11"]
[EventCountry "USA"]
[SourceTitle "CB15_2024"]
[SourceDate "2024.04.10"]
[SourceVersion "1"]
[SourceVersionDate "2024.04.10"]
[SourceQuality "1"]

1. Nf3 d5 2. e3 Nf6 3. b3 c5 4. Bb2 Nc6 5. Bb5 Qb6 6. a4 a6 7. Be2 g6 8. 0-0 Bg7 9. Qc1 0-0 10. Ne5 Rd8 11. f4 d4 12. Nxc6 Qxc6 13. Bf3 Qc7 14. Na3 Be6 15. Nc4 Bxc4 16. bxc4 Rac8 17. d3 dxe3 18. Be5 Qd7 19. Rb1 Qxa4 20. Rxb7 Rd7 21. Qxe3 Qxc2 22. Bxf6 Rxd3 23. Qxe7 Qxc4 24. Bxg7 Kxg7 25. Qe5+ Kg8 26. Be2 Qd4+ 27. Qxd4 Rxd4 28. Bxa6 Ra8 29. Bb5 Ra2 30. Rc7 Rdd2 31. Bc6 c4 32. Be4 Rd4 33. Re1 h5 34. f5 gxf5 35. Bxf5 Rf4 36. Be4 Ra4 37. Bd5 Kf8 38. Rf1 Rxf1+ 39. Kxf1 f6 40. Bxc4 Ra3 41. Rf7+ Ke8 42. Rxf6 Ke7 43. Rh6 Kf8 44. Rxh5 Kg7 45. Be2 Kg6 46. Re5 Kf6 47. Re4 Ra1+ 48. Kf2 Kg5 49. Rc4 Kg6 50. h4 Ra5 51. h5+ Kg5 52. Rb4 Ra3 53. Rb5+ Kh6 54. g4 Ra2 55. g5+ Kg7 56. Rb7+ Kf8 57. Kf3 Ra3+ 58. Kf4 Ra4+ 59. Kf5 Rh4 60. Kg6 Rd4 61. Rb8+ Ke7 62. h6 Rd6+ 63. Kg7 Kd7 64. Bg4+ Kc7 65. Rc8+ Kb7 66. Rf8 Ka7 67. h7 Rc6 68. h8Q Rc7+ 69. Rf7 1-0

[Event "Novi Sad TS GM/IM Mix 189th"]
[Site "Novi Sad"]
[Date "2024.03.01"]
[Round "2"]
[White "Tulchynskyi, Feliks"]
[Black "Bryakin, Mikhail"]
[Result "0-1"]
[WhiteElo "2288"]
[BlackElo "2479"]
[PlyCount "92"]
[EventDate "2024.02.29"]
[EventType "swiss"]
[EventRounds "9"]
[EventCountry "SRB"]
[SourceTitle "CB12_2024"]
[SourceDate "2023.10.01"]
[SourceVersion "1"]
[SourceVersionDate "2023.10.01"]
[SourceQuality "1"]

1. d4 Nf6 2. c4 e6 3. Nc3 Bb4 4. e3 Bxc3+ 5. bxc3 d6 6. Bd3 c5 7. e4 Nc6 8. Ne2 e5 9. 0-0 0-0 10. d5 Ne7 11. f3 h6 12. Be3 Ng6 13. Qd2 Nh7 14. Ng3 Qf6 15. Rae1 Bd7 16. Kh1 Rae8 17. Nf5 Nf4 18. Bc2 Bxf5 19. exf5 Nh5 20. Ba4 Qh4 21. Bf2 Qxc4 22. Bxe8 Rxe8 23. Rd1 N7f6 24. Be3 Nf4 25. Bxf4 exf4 26. Rfe1 Rxe1+ 27. Qxe1 Qxa2 28. Ra1 Qc2 29. Qb1 Qxc3 30. Rxa7 b5 31. Ra6 Qe5 32. h3 b4 33. Qd3 Kh7 34. Kh2 Qe3 35. Qb1 Qe5 36. Qd3 h5 37. Rb6 Nxd5 38. f6+ g6 39. Rb7 Qe6 40. Qe4 Kh6 41. Re7 Qxf6 42. Rd7 Ne3 43. Qe8 Qb2 44. Qf8+ Kg5 45. Qe7+ f6 46. h4+ Kxh4 0-1

[Event "Senta Fantastico op 02"]
[Site "Senta"]
[Date "2024.02.23"]
[Round "3"]
[White "Tulchynskyi, Feliks"]
[Black "Levitan, Caleb Levi"]
[Result "1-0"]
[WhiteElo "2288"]
[BlackElo "2265"]
[PlyCount "33"]
[EventDate "2024.02.22"]
[EventType "swiss"]
[EventRounds "9"]
[EventCountry "SRB"]
[SourceTitle "CB10_2024"]
[SourceDate "2024.03.06"]
[SourceVersion "1"]
[SourceVersionDate "2024.03.06"]
[SourceQuality "1"]

1. d4 Nf6 2. c4 e6 3. Nc3 Bb4 4. e3 0-0 5. Bd2 d5 6. Nf3 b6 7. cxd5 exd5 8. Bd3 Bb7 9. 0-0 Nbd7 10. Rc1 a6 11. Ne5 Nxe5 12. dxe5 Nd7 13. f4 Nc5 14. Bb1 d4 15. Ne2 Qd5 16. Rf2 Bxd2 17. Qxd2 1-0

[Event "Titled Tuesday intern op 13th Feb Late"]
[Site "Chess.com INT"]
[Date "2024.02.13"]
[Round "5"]
[White "Tulchynskyi, Feliks"]
[Black "Senft, Sean"]
[Result "1-0"]
[WhiteElo "2288"]
[BlackElo "2137"]
[PlyCount "47"]
[EventDate "2024.02.13"]
[EventType "swiss (blitz)"]
[EventRounds "11"]
[EventCountry "USA"]
[SourceTitle "CB08_2024"]
[SourceDate "2024.02.21"]
[SourceVersion "1"]
[SourceVersionDate "2024.02.21"]
[SourceQuality "1"]

1. e4 c5 2. Nf3 d6 3. d3 Nc6 4. Be2 g6 5. 0-0 Bg7 6. c3 Bg4 7. Ne1 Bxe2 8. Qxe2 e6 9. f4 Nge7 10. Be3 Qc7 11. Nd2 b6 12. Nef3 h6 13. Rac1 d5 14. d4 dxe4 15. Nxe4 Nd5 16. dxc5 Nxf4 17. Bxf4 Qxf4 18. Nd6+ Ke7 19. Nd2 Qe5 20. Rxf7+ Kd8 21. N2e4 Rf8 22. Rcf1 Rg8 23. Qa6 Ne7 24. Qb7 1-0

[Event "Titled Tuesday intern op 16th Jan Early"]
[Site "Chess.com INT"]
[Date "2024.01.16"]
[Round "6"]
[White "Kushko, Dmitriy"]
[Black "Tulchynskyi, Feliks"]
[Result "1-0"]
[WhiteElo "2445"]
[BlackElo "2285"]
[PlyCount "93"]
[EventDate "2024.01.16"]
[EventType "swiss (blitz)"]
[EventRounds "11"]
[EventCountry "USA"]
[SourceTitle "CB04_2024"]
[SourceDate "2023.10.16"]
[SourceVersion "1"]
[SourceVersionDate "2023.10.16"]
[SourceQuality "1"]

1. Nf3 c5 2. c4 Nc6 3. Nc3 Nf6 4. d4 cxd4 5. Nxd4 d5 6. cxd5 Nxd5 7. Nxc6 bxc6 8. Bd2 e6 9. g3 Bb4 10. Rc1 Bb7 11. Bg2 0-0 12. 0-0 a5 13. a3 Be7 14. Na4 Nb6 15. Nc5 Bxc5 16. Rxc5 Qd6 17. Be3 Qxd1 18. Rxd1 Nd5 19. Bd2 a4 20. e4 Nb6 21. Ba5 Ra6 22. Bf1 Rxa5 23. Rxa5 Rb8 24. Rd4 Kf8 25. Rb4 Bc8 26. Ra7 c5 27. Rxb6 Rxb6 28. Ra8 Rc6 29. Bb5 Rb6 30. Rxc8+ Ke7 31. Bxa4 Rxb2 32. Rxc5 Ra2 33. Rc3 Kd6 34. Re3 Ke5 35. Be8 f6 36. a4 Kd4 37. Bd7 e5 38. Bb5 h5 39. h4 g5 40. hxg5 fxg5 41. Kg2 h4 42. gxh4 gxh4 43. Bc6 Rc2 44. Bd5 Rc1 45. Ra3 Rc7 46. a5 Rg7+ 47. Kh3 1-0

[Event "Rilton Cup 51st"]
[Site "Stockholm"]
[Date "2024.01.05"]
[Round "9"]
[White "Tulchynskyi, Feliks"]
[Black "Borgaonkar, Akshay"]
[Result "1/2-1/2"]
[WhiteElo "2325"]
[BlackElo "2206"]
[PlyCount "81"]
[EventDate "2023.12.27"]
[EventType "swiss"]
[EventRounds "9"]
[EventCountry "SWE"]
[SourceTitle "CB02_2024"]
[SourceDate "2024.01.10"]
[SourceVersion "1"]
[SourceVersionDate "2024.01.10"]
[SourceQuality "1"]

1. d4 Nf6 2. c4 g6 3. Nc3 Bg7 4. e4 d6 5. h3 0-0 6. Be3 Nc6 7. d5 Ne5 8. f4 Ned7 9. g4 c6 10. Nge2 Qa5 11. Qd2 cxd5 12. cxd5 Nc5 13. Rb1 Nfxe4 14. Nxe4 Nd3+ 15. Kd1 Qa4+ 16. b3 Qxe4 17. Ng3 Qf3+ 18. Be2 Nf2+ 19. Ke1 Qxg3 20. Bxf2 Qg2 21. Rg1 Qe4 22. Rc1 b5 23. Qe3 Qxe3 24. Bxe3 Bb7 25. Rc7 Bxd5 26. Rxe7 a6 27. Kf2 Bf6 28. Rd7 Bh4+ 29. Kf1 Rfd8 30. Rxd8+ Bxd8 31. Bd3 Rc8 32. Ke2 Bf6 33. Rc1 Re8 34. Kf2 h6 35. a4 Bxb3 36. axb5 axb5 37. Bxb5 Rb8 38. Bc6 Be6 39. Rd1 Rc8 40. Be4 Rc4 41. Kf3 1/2-1/2

[Event "Rilton Cup 51st"]
[Site "Stockholm"]
[Date "2023.12.29"]
[Round "3"]
[White "Kuznecova, Marija"]
[Black "Tulchynskyi, Feliks"]
[Result "0-1"]
[WhiteElo "2011"]
[BlackElo "2325"]
[PlyCount "72"]
[EventDate "2023.12.27"]
[EventType "swiss"]
[EventRounds "9"]
[EventCountry "SWE"]
[SourceTitle "CB02_2024"]
[SourceDate "2024.01.10"]
[SourceVersion "1"]
[SourceVersionDate "2024.01.10"]
[SourceQuality "1"]

1. e4 c6 2. d4 d5 3. e5 Bf5 4. Nf3 e6 5. Be2 Be7 6. 0-0 h5 7. Nbd2 Nh6 8. Ne1 g5 9. Bxh5 Nd7 10. Nb3 Qc7 11. h3 0-0-0 12. g4 Bh7 13. f4 Rdg8 14. fxg5 Bxg5 15. Bxg5 Rxg5 16. Qd2 Qd8 17. Kf2 Be4 18. Ke2 Rg7 19. Nf3 f5 20. exf6 Nxf6 21. Qa5 Qxa5 22. Nxa5 Nxh5 23. gxh5 Rg2+ 24. Ke1 Nf5 25. Rc1 Ng3 26. Rf2 Bxf3 27. Rxf3 Rg1+ 28. Kf2 Rxc1 29. Kxg3 Rg1+ 30. Kh4 Rg7 31. Rf6 Rgh7 32. Rxe6 Rxh5+ 33. Kg4 Rh4+ 34. Kg5 R8h5+ 35. Kf6 Rh6+ 36. Ke7 Rxe6+ 0-1

[Event "Titled Tuesday intern op 19th Dec Early"]
[Site "Chess.com INT"]
[Date "2023.12.19"]
[Round "5"]
[White "Kiseleva, Simona"]
[Black "Tulchynskyi, Feliks"]
[Result "0-1"]
[WhiteElo "2174"]
[BlackElo "2325"]
[PlyCount "166"]
[EventDate "2023.12.19"]
[EventType "swiss (blitz)"]
[EventRounds "11"]
[EventCountry "USA"]
[SourceTitle "CB52_2023"]
[SourceDate "2023.12.27"]
[SourceVersion "1"]
[SourceVersionDate "2023.12.27"]
[SourceQuality "1"]

1. d4 Nf6 2. c4 e6 3. Nf3 b6 4. g3 Bb7 5. Bg2 Be7 6. 0-0 0-0 7. Nc3 Ne4 8. Qc2 Nxc3 9. Qxc3 d5 10. Ne5 Nd7 11. Rd1 c6 12. Nxd7 Qxd7 13. e4 Rac8 14. Be3 Rfd8 15. Rac1 Qe8 16. Qb3 dxc4 17. Qxc4 c5 18. d5 exd5 19. exd5 Bd6 20. Re1 Qd7 21. Qh4 Be7 22. Qh5 g6 23. Qe2 Bf6 24. Rcd1 Re8 25. Qc2 Rcd8 26. b3 h5 27. Re2 Ba6 28. Red2 h4 29. d6 hxg3 30. hxg3 Be5 31. Bg5 Rc8 32. Be4 Kg7 33. Rd5 f6 34. Be3 Bb7 35. R5d2 Bxe4 36. Qxe4 Bd4 37. Qf3 Bxe3 38. fxe3 Re6 39. Rd3 Rce8 40. Kf2 f5 41. R1d2 Rd8 42. Qd5 Rde8 43. a4 Re5 44. Qf3 Re4 45. a5 Rd8 46. Rd5 Qe6 47. axb6 axb6 48. d7 Qe7 49. R2d3 Qf6 50. Qd1 Qb2+ 51. Qd2 Qxd2+ 52. Rxd2 Re6 53. Rd6 Kf7 54. Kf3 Ke7 55. R6d5 Re4 56. R2d3 Re6 57. g4 fxg4+ 58. Kxg4 Re4+ 59. Kf3 Re6 60. e4 Rf6+ 61. Ke3 g5 62. Rxg5 Rh6 63. Rg7+ Ke6 64. Rg3 Rxd7 65. Rxd7 Kxd7 66. Rg5 Kc6 67. Rg3 Kb5 68. Kd3 Kb4 69. e5 Kxb3 70. Ke4+ Kb4 71. Kd5 c4 72. e6 b5 73. e7 Rh8 74. Kd6 c3 75. Rf3 Re8 76. Rf1 Kc4 77. Kd7 Rxe7+ 78. Kxe7 b4 79. Kd6 b3 80. Ke5 b2 81. Ke4 c2 82. Ke3 b1Q 83. Ke2 Qxf1+ 0-1

[Event "Titled Tuesday intern op 19th Dec Early"]
[Site "Chess.com INT"]
[Date "2023.12.19"]
[Round "3"]
[White "Tulchynskyi, Feliks"]
[Black "Liu, Kelsey"]
[Result "1-0"]
[WhiteElo "2325"]
[BlackElo "2004"]
[PlyCount "59"]
[EventDate "2023.12.19"]
[EventType "swiss (blitz)"]
[EventRounds "11"]
[EventCountry "USA"]
[SourceTitle "CB52_2023"]
[SourceDate "2023.12.27"]
[SourceVersion "1"]
[SourceVersionDate "2023.12.27"]
[SourceQuality "1"]

1. c4 Nf6 2. Nc3 e6 3. e4 d5 4. e5 Nfd7 5. d4 dxc4 6. Bxc4 c5 7. Nf3 Nc6 8. Qe2 cxd4 9. Nb5 a6 10. Nd6+ Bxd6 11. exd6 0-0 12. 0-0 Nb6 13. Bf4 Re8 14. Bd3 Nd5 15. Bg3 e5 16. Bxe5 Nxe5 17. Nxe5 Qxd6 18. f4 Nxf4 19. Rxf4 Qxe5 20. Re4 Qxe4 21. Bxe4 Bf5 22. Rd1 Rxe4 23. Qf2 Bg6 24. Rxd4 Rae8 25. Rxe4 Rxe4 26. h3 h6 27. Kh2 Kh7 28. Qb6 Re7 29. Qb4 Bf5 30. Qxe7 1-0

[Event "Titled Tuesday intern op 19th Dec Early"]
[Site "Chess.com INT"]
[Date "2023.12.19"]
[Round "6"]
[White "Yaran, Siar"]
[Black "Tulchynskyi, Feliks"]
[Result "1/2-1/2"]
[WhiteElo "2272"]
[BlackElo "2325"]
[PlyCount "162"]
[EventDate "2023.12.19"]
[EventType "swiss (blitz)"]
[EventRounds "11"]
[EventCountry "USA"]
[SourceTitle "CB52_2023"]
[SourceDate "2023.12.27"]
[SourceVersion "1"]
[SourceVersionDate "2023.12.27"]
[SourceQuality "1"]

1. Nf3 Nf6 2. c4 g6 3. b3 Bg7 4. Bb2 0-0 5. g3 c6 6. Bg2 d5 7. 0-0 Bf5 8. d3 Nbd7 9. Nbd2 Re8 10. Nh4 Be6 11. Rc1 Nh5 12. Bxg7 Nxg7 13. Rc2 f6 14. Qa1 Bf7 15. Rfc1 e6 16. Nhf3 Qe7 17. Nf1 e5 18. cxd5 Bxd5 19. Ne3 Bf7 20. Qb2 Ne6 21. b4 a6 22. a4 Nc7 23. Nd2 Nb6 24. a5 Nd7 25. d4 exd4 26. Qxd4 Nb5 27. Qb2 Ne5 28. Ne4 Nd6 29. Nc5 Nec4 30. Nxc4 Nxc4 31. Qc3 Nd6 32. Rd2 Rad8 33. Rcd1 Nb5 34. Qb2 Kg7 35. Bf3 Rxd2 36. Qxd2 Bd5 37. Bxd5 cxd5 38. Qxd5 Nc3 39. Qd3 Nxd1 40. Qxd1 Qxe2 41. Qd5 Qe1+ 42. Kg2 Re7 43. Nxb7 Qxb4 44. Nc5 Qb5 45. Qd6 Qe8 46. Nxa6 Re6 47. Nc7 Qa8+ 48. Nxa8 Rxd6 49. Nb6 Re6 50. Kf3 f5 51. h4 h6 52. Nc4 Re4 53. Nb6 Rb4 54. Nd5 Rb5 55. Nc7 Rxa5 56. Ne6+ Kf6 57. Nf4 Ra3+ 58. Kg2 Ra4 59. Kf3 Ra5 60. Ke3 Ra3+ 61. Ke2 g5 62. hxg5+ hxg5 63. Nd3 Ke6 64. Nc5+ Kd5 65. Nd7 Ra6 66. f4 Rd6 67. Ne5 Ke4 68. Nf3 gxf4 69. Ng5+ Kd4 70. gxf4 Ra6 71. Kf3 Ra3+ 72. Kf2 Ra2+ 73. Kf3 Ra3+ 74. Kf2 Rb3 75. Ke2 Rb2+ 76. Kf3 Rb3+ 77. Kf2 Ra3 78. Ke2 Kd5 79. Kf2 Kd4 80. Ke2 Ra6 81. Kf3 Ra3+ 1/2-1/2